书目信息 |
| 书名: | The language of the merchant marine in English | |
| 作者: | ||
| 分册号: | ||
| 分册名: | 出版地: | New York : |
|
| 出版社: | Regents Pub. Co., Inc | |
| 出版时间: | 1978. | |
| 页数: | 111 p. | |
| 开本: | ||
| 丛书名: | ||
| 中图分类号: | ||
| 科图分类号: | ||
| 其他分类号: | H31 | |
| 主题词: | ||
| 电子资源: | ||
| 000 | 00652nam 2200217 a 4500 | |
| 001 | E0762434144 | |
| 005 | 20070227172150.67 | |
| 008 | uu | |
| 020 | @a0-88345-347-9 :@cCNY0.70. | |
| 040 | @aNLC | |
| 049 | @aN5LA | |
| 090 | @a2/H315/NAA//////////*916923/-24/ 2cop. | |
| 090 | @aH31 | |
| 096 | @aH315 @v2 | |
| 099 | @dH31@ex126 | |
| 100 | 1 | @aNorton, Aloysius A. |
| 245 | 14 | @aThe language of the merchant marine in English |
| 260 | @aNew York :@bRegents Pub. Co., Inc.,@c1978. | |
| 300 | @a111 p. | |
| 700 | 1 | @aKnutsen, Edward W., @ejt. auth. @b00 @c20020930 @lNLC09 @h2244 @lNLC09 @h2231 @lNLC09 @h1822 |
| 852 | 9 | @bWWJC @cJ08S @k2 @hH315 @iNAA |
| The language of the merchant marine in English.-New York : : Regents Pub. Co., Inc., , 1978. |
| 111 p. |
| ISBN 0-88345-347-9 :CNY0.70. |
| ● |
| 相关链接 |
|
|
|
|
正题名:language of the merchant marine in English
索取号:H31/x126
 
预约/预借
| 序号 | 登录号 | 条形码 | 馆藏地/架位号 | 状态 | 备注 |
| 1 | 46448 | 001037808 | 第四借阅区/ [索取号:H31/x126] | 在馆 |